Statistics for America's Cup Challenger and Defender Nations

Click here to take the quiz!

General Stats

  • This quiz has been taken 46 times
  • The average score is 8 of 9

Answer Stats

Country % Correct
United States
100%
Australia
95%
New Zealand
93%
Italy
86%
England
84%
Canada
81%
Switzerland
77%
Ireland
70%
Scotland
70%

Score Distribution

Percentile by Number Answered

Percent of People with Each Score

Your Score History

You have not taken this quiz